| 000 | 00000nam##2200000za#4500 |
| 001 | 9.630706 |
| 003 | CaOODSP |
| 005 | 20220328113256 |
| 007 | cr ||||||||||| |
| 008 | 150407|1998||||xxc|||||o f|0| 0 fre|d |
| 040 | |aCaOODSP|bfre |
| 043 | |an-cn--- |
| 086 | 1 |aC2-576/1998F-IN |
| 110 | 1 |aCanada. |bIndustrie Canada. |
| 245 | 13|aLa cage de verre - histoire du passé? : |h[ressource électronique]|bles femmes entrepreneurs à l'ère de l'économie du savoir / |crédigé par Gary Sawchuk et Lori Whewell. |
| 246 | 3 |aMoniteur micro-économique |
| 260 | |aOttawa - Ontario : |bIndustrie Canada |c1998. |
| 300 | |a57p.|bgraphiques, tableaux |
| 500 | |aRapport spéciaux publié avec la trimestrielle Moniteur micro-économique. L'ISSN pour le Moniteur micro-économique à été incorrectement copié dans cette publication électronique. |
| 590 | |a01-23|b2001-06-08 |
| 590 | |a06-10-Supp|b2006-12-15 |
| 691 | 07|aTravailleuse|2gcpds |
| 691 | 07|aEmploi autonome|2gcpds |
| 691 | 07|aEntrepreneuriat|2gcpds |
| 691 | 07|aÉconomie du savoir|2gcpds |
| 691 | 07|aFemme|2gcpds |
| 720 | 1 |aWhewell, Lori |
| 720 | 1 |aSawchuk, Gary |
| 775 | 08|tShattering the glass box? : |w(CaOODSP)9.686199 |
| 856 | 40|ahttp://publications.gc.ca|qPDF|s1946 KB|uhttps://publications.gc.ca/collections/Collection/C2-576-1998F.pdf |